[Event "Bratislava exe op 2nd"]
[Site "Bratislava"]
[Date "2024.09.17"]
[Round "4"]
[White "Cichon, Jakub"]
[Black "Krivosik, Matus"]
[Result "1-0"]
[WhiteElo "2028"]
[BlackElo "1820"]
[PlyCount "75"]
[EventDate "2024.09.14"]
[EventType "swiss"]
[EventRounds "9"]
[EventCountry "SVK"]
[SourceTitle "EXT 2025"]
[Source "ChessBase"]
[SourceDate "2024.10.14"]
[SourceVersion "1"]
[SourceVersionDate "2024.10.14"]
[SourceQuality "1"]

1. d4 d5 2. c4 c6 3. cxd5 cxd5 4. Bg5 h6 5. Bh4 Bf5 6. Nc3 Qa5 7. Qb3 Na6 8. e4 dxe4 9. Qxb7 Nc7 10. Bg3 Rc8 11. Bxc7 Qxc7 12. Bb5+ Bd7 13. Bxd7+ Qxd7 14. Qxd7+ Kxd7 15. Nxe4 e6 16. Nf3 Bb4+ 17. Kd1 Nf6 18. Nxf6+ gxf6 19. a3 Ba5 20. b4 Bb6 21. Kd2 Kc6 22. Kd3 Kd5 23. Rac1 e5 24. dxe5 fxe5 25. Ke2 Rhd8 26. Rhd1+ Ke6 27. Rxd8 Rxc1 28. Re8+ Kd7 29. Rxe5 Rc2+ 30. Nd2 Ra2 31. Rd5+ Ke7 32. Rd3 f5 33. f4 h5 34. Kf3 h4 35. g4 fxg4+ 36. Kxg4 Bf2 37. Nf3 Rc2 38. Rd2 1-0

[Event "SVK-ch U16"]
[Site "Tatralandia"]
[Date "2024.04.07"]
[Round "4"]
[White "Krivosik, Matus"]
[Black "Gay, Lukas"]
[Result "0-1"]
[WhiteElo "1782"]
[BlackElo "1976"]
[PlyCount "62"]
[EventDate "2024.04.05"]
[EventType "swiss"]
[EventRounds "9"]
[EventCountry "SVK"]
[SourceTitle "CBM 219 Extra"]
[Source "ChessBase"]
[SourceDate "2024.05.31"]
[SourceVersion "1"]
[SourceVersionDate "2024.05.31"]
[SourceQuality "1"]

1. c4 e5 2. g3 Nf6 3. Bg2 Nc6 4. Nc3 Bc5 5. e4 d6 6. h3 0-0 7. Nge2 Be6 8. d3 Nd7 9. Be3 f5 10. 0-0 fxe4 11. Nxe4 Bxe3 12. fxe3 Rxf1+ 13. Qxf1 Qe7 14. Qd1 Nd8 15. N2c3 c6 16. Nd2 Qg5 17. Qf3 Nf7 18. Nde4 Qe7 19. Nd2 Rf8 20. Qe2 Nf6 21. Rf1 Qd7 22. Kh2 Ng5 23. h4 Nf7 24. Bf3 Nh6 25. Nde4 Bg4 26. Bxg4 Nfxg4+ 27. Kg2 Rxf1 28. Kxf1 d5 29. cxd5 cxd5 30. Nf2 Nf5 31. Qf3 Nh2+ 0-1

[Event "SVK-ch U16"]
[Site "Dudince"]
[Date "2023.04.23"]
[Round "9"]
[White "Krivosik, Matus"]
[Black "Cizmar, Tomas"]
[Result "0-1"]
[WhiteElo "1446"]
[BlackElo "1470"]
[PlyCount "62"]
[EventDate "2023.04.16"]
[EventType "swiss"]
[EventRounds "9"]
[EventCountry "SVK"]
[SourceTitle "CBM 213 Extra"]
[Source "ChessBase"]
[SourceDate "2023.05.31"]
[SourceVersion "1"]
[SourceVersionDate "2023.05.31"]
[SourceQuality "1"]

1. d4 Nf6 2. Nf3 d5 3. Bf4 c5 4. e3 Nc6 5. c3 Qb6 6. Qb3 c4 7. Qc2 Bf5 8. Qc1 e6 9. Nbd2 h6 10. b3 cxb3 11. axb3 Rc8 12. Qb2 g5 13. Bg3 Nb4 14. cxb4 Bxb4 15. Rc1 0-0 16. Be5 Ne4 17. h3 Qa5 18. g4 Nxd2 19. Nxd2 Bxd2+ 20. Ke2 Bxc1 21. b4 Qb5+ 22. Ke1 Qxf1+ 23. Kxf1 Bd3+ 24. Qe2 Bxe2+ 25. Kxe2 Ba3 26. f4 Bxb4 27. Bf6 Rc2+ 28. Kf3 gxf4 29. h4 fxe3 30. g5 e2 31. g6 fxg6 0-1

[Event "SVK-ch U16"]
[Site "Dudince"]
[Date "2023.04.18"]
[Round "4"]
[White "Rerko, Milos"]
[Black "Krivosik, Matus"]
[Result "0-1"]
[WhiteElo "1000"]
[BlackElo "1446"]
[PlyCount "80"]
[EventDate "2023.04.16"]
[EventType "swiss"]
[EventRounds "9"]
[EventCountry "SVK"]
[SourceTitle "CBM 213 Extra"]
[Source "ChessBase"]
[SourceDate "2023.05.31"]
[SourceVersion "1"]
[SourceVersionDate "2023.05.31"]
[SourceQuality "1"]

1. e4 c6 2. d4 d5 3. e5 c5 4. c3 Nc6 5. Nf3 Bg4 6. dxc5 e6 7. b4 Nxe5 8. Qa4+ Nd7 9. Ne5 Ngf6 10. Bg5 Qc7 11. Bxf6 gxf6 12. Nxg4 Qf4 13. Be2 Qc1+ 14. Bd1 Qb2 15. Qb3 Qxa1 16. Ne3 a5 17. Nc2 a4 18. Nxa1 axb3 19. Bxb3 Bg7 20. 0-0 f5 21. Nc2 Nf6 22. Nd4 Ne4 23. Rd1 Ke7 24. f3 Bxd4+ 25. cxd4 Nf6 26. f4 Rhg8 27. Nc3 Rg4 28. Re1 Rxf4 29. Bxd5 Rb8 30. Ne2 Nxd5 31. Nxf4 Nxf4 32. a4 Nd3 33. Rb1 Rd8 34. b5 Rxd4 35. c6 bxc6 36. bxc6 Rc4 37. Rb7+ Ke8 38. Rb8+ Ke7 39. Rb7+ Kf6 40. c7 Rc1# 0-1

[Event "SVK-ch U14"]
[Site "Stara Lubovna"]
[Date "2022.05.27"]
[Round "8"]
[White "Krivosik, Matus"]
[Black "Toth, Marton1"]
[Result "1-0"]
[WhiteElo "1224"]
[BlackElo "1041"]
[PlyCount "69"]
[EventDate "2022.05.21"]
[EventType "swiss"]
[EventRounds "9"]
[EventCountry "SVK"]
[SourceTitle "CBM 208 Extra"]
[Source "ChessBase"]
[SourceDate "2022.07.31"]
[SourceVersion "1"]
[SourceVersionDate "2022.07.31"]
[SourceQuality "1"]

1. e4 c5 2. Nf3 d6 3. d4 cxd4 4. Nxd4 Nf6 5. f3 g6 6. Be3 Bg7 7. Qd2 Nc6 8. Nc3 Nxd4 9. Bxd4 0-0 10. Bc4 e6 11. 0-0-0 Qc7 12. Bb3 Rd8 13. h4 h5 14. g4 e5 15. Be3 hxg4 16. fxg4 Bxg4 17. Rdf1 Rf8 18. Nb5 Qc6 19. Qxd6 Nxe4 20. Qxc6 bxc6 21. Rfg1 Bh5 22. Nxa7 c5 23. Nb5 Be2 24. Na3 Rfc8 25. Bd5 Ra4 26. Rxg6 Nf6 27. Bb3 Rxa3 28. bxa3 c4 29. Rxg7+ Kxg7 30. Rg1+ Kh7 31. Ba4 Ng4 32. Bd7 Rg8 33. Bf5+ Kh8 34. Bg5 Ne3 35. Bf6+ 1-0

[Event "SVK-ch U14"]
[Site "Stara Lubovna"]
[Date "2022.05.26"]
[Round "7"]
[White "Krivosik, Matus"]
[Black "Kluska, Lukas"]
[Result "1-0"]
[WhiteElo "1224"]
[BlackElo "1215"]
[PlyCount "51"]
[EventDate "2022.05.21"]
[EventType "swiss"]
[EventRounds "9"]
[EventCountry "SVK"]
[SourceTitle "CBM 208 Extra"]
[Source "ChessBase"]
[SourceDate "2022.07.31"]
[SourceVersion "1"]
[SourceVersionDate "2022.07.31"]
[SourceQuality "1"]

1. e4 e5 2. Nf3 Nc6 3. Bb5 a6 4. Ba4 Nf6 5. d3 Be7 6. 0-0 0-0 7. c3 d5 8. Nbd2 Bg4 9. Re1 Qd6 10. h3 Bh5 11. Nf1 Rad8 12. Bg5 b5 13. Bc2 d4 14. Ng3 Bg6 15. Nh4 h6 16. Nhf5 Bxf5 17. Nxf5 Qd7 18. Bh4 Kh7 19. Qf3 a5 20. g4 g6 21. Nxe7 g5 22. Qxf6 Nxe7 23. Bg3 Rde8 24. Bxe5 Rg8 25. Qxf7+ Rg7 26. Qxg7# 1-0